000 00626nam a22002177a 4500
003 UA-OsUOA
001 51922
007 ta
008 20080128b un ||||| |||| 00| 0 ukr d
090 _a82.09
_bП35
942 _cBK
040 _aUA-OsUOA
_bukr
_cUA-OsUOA
_dUA-OsUOA
245 _aПисьменники-лауреати Державної премії Української РСР ім. Т. Г. Шевченка
300 _a159 с.
955 _a3
041 _aukr
080 _a82.09
260 _aК.
_c1989
650 7 _a82 Література. Літературознавство
_2UDC
999 _c338011
_d338011